[Event "BEL-ch U14"]
[Site "Blankenberge"]
[Date "2015.04.15"]
[Round "5"]
[White "Thienpont, Xander"]
[Black "Cool, Tristan"]
[Result "1-0"]
[WhiteElo "1114"]
[BlackElo "1264"]
[PlyCount "100"]
[EventDate "2015.04.12"]
[EventType "swiss"]
[EventRounds "9"]
[EventCountry "BEL"]
[SourceTitle "CBM 166 Extra"]
[Source "ChessBase"]
[SourceDate "2015.06.18"]
[SourceVersion "1"]
[SourceVersionDate "2015.06.18"]
[SourceQuality "1"]

1. e4 e6 2. d4 d5 3. e5 c5 4. Nf3 cxd4 5. Nxd4 f6 6. Bf4 Bc5 7. Bb5+ Bd7 8. Nxe6 Qa5+ 9. Bd2 Qb6 10. Bxd7+ Nxd7 11. Nxg7+ Kf8 12. exf6 Bxf2+ 13. Kf1 Qxf6 14. Bc3 Bd4+ 15. Qf3 Qxf3+ 16. gxf3 Bxg7 17. Bb4+ Ne7 18. Nc3 Bxc3 19. Bxc3 Rg8 20. Bb4 Kf7 21. Rd1 Nb6 22. Kf2 Rad8 23. Ba5 Rd6 24. Rhe1 Rc6 25. Re2 Rgc8 26. Bc3 Na4 27. Rde1 Ng6 28. Bd4 Rxc2 29. Kf1 Rxe2 30. Rxe2 Nh4 31. Bxa7 Rc1+ 32. Kf2 Rc8 33. b3 Nc5 34. Kg3 Nf5+ 35. Kg4 Nd4 36. Rd2 Rg8+ 37. Kh3 Nxf3 38. Rxd5 Ng5+ 39. Kh4 Nce6 40. Be3 Nf3+ 41. Kh3 Ng1+ 42. Kh4 Rg2 43. Bxg1 Rxg1 44. Rd7+ Kg8 45. Rxb7 Rg2 46. a4 Rb2 47. h3 Nd4 48. a5 Rxb3 49. Rxb3 Nxb3 50. a6 Nc5 1-0